000
00281nam a2200121Ia 4500
005
20251222143121.0
008
251222s9999||||xx |||||||||||||| ||spa||
020
_a
84-8130-133-7
082
_a
869.266/S12/2000
100
_a
"Sábato, Ernesto"
245
0
_a
El túnel
942
_c
LIB
999
_c
11531
_d
11531